[Event "Dubai Police op-A"]
[Site "Dubai"]
[Date "2024.05.05"]
[Round "2"]
[White "Gholami Orimi, Mahdi"]
[Black "Donchenko, Alexander"]
[Result "1/2-1/2"]
[WhiteElo "2470"]
[BlackElo "2631"]
[PlyCount "60"]
[EventDate "2024.05.04"]
[EventType "swiss"]
[EventRounds "9"]
[EventCountry "UAE"]
[SourceTitle "CB20_2024"]
[SourceDate "2024.05.16"]
[SourceVersion "1"]
[SourceVersionDate "2024.05.16"]
[SourceQuality "1"]

1. d4 Nf6 2. c4 c6 3. Nf3 d5 4. cxd5 cxd5 5. Nc3 Nc6 6. Bf4 Bf5 7. e3 e6 8. Qb3 Bb4 9. Bb5 0-0 10. Bxc6 Bxc3+ 11. Qxc3 bxc6 12. Ne5 Ne4 13. Qa3 g5 14. Bg3 Rc8 15. 0-0 f6 16. Nd3 h5 17. f3 Nxg3 18. hxg3 Qc7 19. Kf2 h4 20. gxh4 gxh4 21. Nf4 e5 22. Ne2 Rce8 23. Qc3 Rf7 24. Rh1 Rh7 25. Rag1 Ree7 26. g3 hxg3+ 27. Rxg3+ Kf7 28. Rxh7+ Bxh7 29. Rh3 Bg6 30. Rh8 Kg7 1/2-1/2

[Event "Titled Tuesday intern op 23rd Apr Late"]
[Site "Chess.com INT"]
[Date "2024.04.23"]
[Round "7"]
[White "Firouzja, Alireza"]
[Black "Gholami Orimi, Mahdi"]
[Result "1-0"]
[WhiteElo "2760"]
[BlackElo "2470"]
[PlyCount "75"]
[EventDate "2024.04.23"]
[EventType "swiss (blitz)"]
[EventRounds "11"]
[EventCountry "USA"]
[SourceTitle "CB18_2024"]
[SourceDate "2024.05.01"]
[SourceVersion "1"]
[SourceVersionDate "2024.05.01"]
[SourceQuality "2"]

1. e4 c5 2. Nf3 d6 3. d4 cxd4 4. Nxd4 Nf6 5. Nc3 Nc6 6. Bg5 e6 7. Qd2 a6 8. Nxc6 bxc6 9. 0-0-0 Qa5 10. Kb1 Rb8 11. Bc4 Be7 12. Bb3 Qb4 13. Rhe1 a5 14. e5 dxe5 15. Rxe5 h6 16. a3 Qb7 17. Bxf6 gxf6 18. Rxa5 f5 19. Na4 Qc7 20. Qc3 Rg8 21. g3 Kf8 22. Nc5 h5 23. Qd2 Rg6 24. Nd3 Bg5 25. Qe1 Rb5 26. Rxb5 cxb5 27. Qb4+ Be7 28. Qxb5 Bd7 29. Qe5 Bd6 30. Qh8+ Ke7 31. Qxh5 Rg4 32. f4 Bb5 33. Qh3 Qb6 34. Qf1 Rg8 35. Qe1 Rb8 36. Ne5 Qc5 37. Nxf7 Bc4 38. Nxd6 1-0

[Event "Titled Tuesday intern op 02nd Apr Early"]
[Site "Chess.com INT"]
[Date "2024.04.02"]
[Round "4"]
[White "Firouzja, Alireza"]
[Black "Gholami Orimi, Mahdi"]
[Result "0-1"]
[WhiteElo "2760"]
[BlackElo "2470"]
[PlyCount "196"]
[EventDate "2024.04.02"]
[EventType "swiss (blitz)"]
[EventRounds "11"]
[EventCountry "USA"]
[SourceTitle "CB15_2024"]
[SourceDate "2024.04.10"]
[SourceVersion "1"]
[SourceVersionDate "2024.04.10"]
[SourceQuality "1"]

1. e4 e5 2. Nf3 Nc6 3. Bb5 a6 4. Ba4 Nf6 5. Bxc6 dxc6 6. d3 Nd7 7. Nc3 Bd6 8. Be3 Qe7 9. h3 Nf8 10. Qe2 Ne6 11. 0-0-0 0-0 12. h4 b5 13. Qd2 c5 14. h5 Nd4 15. Nd5 Qd8 16. Kb1 c6 17. Nc3 Bg4 18. Ne2 b4 19. Bxd4 cxd4 20. Ng3 a5 21. Nf5 a4 22. Rh4 Bxf5 23. exf5 b3 24. Rg4 Kh8 25. Qg5 Qxg5 26. Nxg5 bxa2+ 27. Kxa2 a3 28. b3 h6 29. Ne4 Bb4 30. Rh1 f6 31. Rg6 Ra7 32. Rg3 Rd7 33. Rf1 Re8 34. Rh3 Kh7 35. f3 Rd5 36. Rf2 Rd7 37. Re2 Rd5 38. Rh1 Re7 39. Rf1 Kg8 40. g3 Kf7 41. Rb1 Rd8 42. Nd2 Rd5 43. Nc4 Ra7 44. Re4 Rb5 45. Rf1 Rd5 46. Rf2 Re7 47. Rfe2 Rdd7 48. g4 Rd5 49. Nd2 Rdd7 50. Nf1 Ra7 51. Ng3 Rad7 52. Nh1 Rd5 53. Nf2 Rdd7 54. Nh3 Ra7 55. f4 exf4 56. Nxf4 Rxe4 57. Rxe4 c5 58. Ng6 Rd7 59. Re6 Rc7 60. Ra6 Ke8 61. Ra8+ Kd7 62. Ra6 Kc8 63. Nf8 Re7 64. Ne6 Kb7 65. Rd6 Ka7 66. Rd8 Kb7 67. Rg8 Kc6 68. Rd8 Ra7 69. Rg8 Re7 70. Rxg7 Rxg7 71. Nxg7 Kd6 72. Kb1 Ke5 73. Ne8 Bc3 74. Ka2 Bb4 75. Ka1 Bc3+ 76. Kb1 Bb4 77. Ka2 Kf4 78. Nxf6 Kg5 79. Ne4+ Kxg4 80. f6 Kxh5 81. f7 c4 82. bxc4 Kg6 83. c5 Kxf7 84. Kb3 Ke6 85. c4 dxc3 86. d4 Kd5 87. Nf6+ Kc6 88. Ne4 Kd5 89. Nf6+ Kxd4 90. c6 Bd6 91. Ne8 Be5 92. c7 Bxc7 93. Nxc7 Kd3 94. Nd5 a2 95. Nb4+ Kd2 96. Nxa2 c2 97. Kb2 h5 98. Nc1 h4 0-1

[Event "Titled Tuesday intern op 02nd Apr Early"]
[Site "Chess.com INT"]
[Date "2024.04.02"]
[Round "7"]
[White "Gholami Orimi, Mahdi"]
[Black "Andreikin, Dmitry"]
[Result "1-0"]
[WhiteElo "2470"]
[BlackElo "2729"]
[PlyCount "51"]
[EventDate "2024.04.02"]
[EventType "swiss (blitz)"]
[EventRounds "11"]
[EventCountry "USA"]
[SourceTitle "CB15_2024"]
[SourceDate "2024.04.10"]
[SourceVersion "1"]
[SourceVersionDate "2024.04.10"]
[SourceQuality "1"]

1. d4 Nf6 2. c4 e6 3. Nc3 Bb4 4. Qc2 0-0 5. e4 d6 6. e5 dxe5 7. dxe5 Nfd7 8. Nf3 Nc6 9. Bf4 f5 10. 0-0-0 Qe7 11. h4 a5 12. h5 Nc5 13. h6 g6 14. Bg5 Qf7 15. Nd5 exd5 16. cxd5 Ne4 17. Bc4 Kh8 18. e6 Qe8 19. Be3 f4 20. Qxe4 fxe3 21. dxc6 Qe7 22. cxb7 Bxb7 23. Qxb7 exf2 24. Qe4 Rad8 25. Qe5+ Kg8 26. Rd7 1-0

[Event "Titled Tuesday intern op 13th Feb Late"]
[Site "Chess.com INT"]
[Date "2024.02.13"]
[Round "6"]
[White "Gholami Orimi, Mahdi"]
[Black "Andreikin, Dmitry"]
[Result "1-0"]
[WhiteElo "2470"]
[BlackElo "2729"]
[PlyCount "99"]
[EventDate "2024.02.13"]
[EventType "swiss (blitz)"]
[EventRounds "11"]
[EventCountry "USA"]
[SourceTitle "CB08_2024"]
[SourceDate "2024.02.21"]
[SourceVersion "1"]
[SourceVersionDate "2024.02.21"]
[SourceQuality "1"]

1. d4 d5 2. c4 dxc4 3. Nf3 Nf6 4. e3 e6 5. Bxc4 c5 6. 0-0 a6 7. dxc5 Bxc5 8. Qxd8+ Kxd8 9. a3 Ke7 10. Bd2 Rd8 11. Rc1 Nbd7 12. Be2 b6 13. b4 Bd6 14. Nd4 Bb7 15. Bf3 Bxf3 16. gxf3 Rdc8 17. Nc3 Ne5 18. f4 Nc4 19. Be1 g6 20. Kf1 e5 21. fxe5 Bxe5 22. Nf3 Bd6 23. h3 Rc7 24. Rd1 Rac8 25. Nd5+ Nxd5 26. Rxd5 b5 27. Rd4 Rd7 28. a4 f5 29. axb5 axb5 30. Ra6 Bb8 31. Rh4 Kd8 32. Nd4 Be5 33. Nxb5 Nb2 34. Na7 Rd1 35. Nc6+ Rxc6 36. Rxc6 Nd3 37. Ke2 Rxe1+ 38. Kxd3 Kd7 39. b5 h5 40. Rb4 Bd6 41. Rd4 Rd1+ 42. Ke2 Rxd4 43. exd4 Ke6 44. Kd3 Kd5 45. Rc2 g5 46. b6 g4 47. hxg4 fxg4 48. b7 h4 49. Rc5+ Ke6 50. Rc6 1-0

[Event "Titled Tuesday intern op 16th Jan Early"]
[Site "Chess.com INT"]
[Date "2024.01.16"]
[Round "5"]
[White "Gholami Orimi, Mahdi"]
[Black "Xiong, Jeffery"]
[Result "0-1"]
[WhiteElo "2470"]
[BlackElo "2659"]
[PlyCount "90"]
[EventDate "2024.01.16"]
[EventType "swiss (blitz)"]
[EventRounds "11"]
[EventCountry "USA"]
[SourceTitle "CB04_2024"]
[SourceDate "2023.10.16"]
[SourceVersion "1"]
[SourceVersionDate "2023.10.16"]
[SourceQuality "1"]

1. d4 d5 2. c4 e6 3. Nc3 Nf6 4. cxd5 exd5 5. Bg5 c6 6. e3 Bd6 7. Bd3 0-0 8. Nge2 Re8 9. h3 a5 10. 0-0 Na6 11. a3 Nc7 12. Qc2 h6 13. Bf4 Bxf4 14. exf4 Qd6 15. Rfe1 Bd7 16. f5 b6 17. Rad1 c5 18. dxc5 bxc5 19. Ng3 Rxe1+ 20. Rxe1 c4 21. Bf1 Rb8 22. Qd2 Qb6 23. Nd1 Nb5 24. Ne3 Nc7 25. Nd1 Nce8 26. Qf4 Nd6 27. Be2 Re8 28. Rf1 Nxf5 29. Nxf5 Bxf5 30. Bxc4 Bxh3 31. Bd3 Be6 32. b4 axb4 33. axb4 d4 34. b5 Rc8 35. Nb2 Qc5 36. Na4 Qa3 37. Qxd4 Nd5 38. Be4 Nf4 39. Re1 Qf8 40. Nb6 Rd8 41. Qe5 Qb4 42. Rc1 Ne2+ 43. Kh2 Nxc1 44. Bc6 Qh4+ 45. Kg1 Rd1+ 0-1

[Event "Sant Boi de Llobregat op 4th"]
[Site "Sant Boi de Llobregat"]
[Date "2023.12.04"]
[Round "5"]
[White "Gholami Orimi, Mahdi"]
[Black "Aditya, Mittal"]
[Result "1/2-1/2"]
[WhiteElo "2442"]
[BlackElo "2595"]
[PlyCount "40"]
[EventDate "2023.11.30"]
[EventType "swiss"]
[EventRounds "9"]
[EventCountry "ESP"]
[SourceTitle "CB50_2023"]
[SourceDate "2023.12.13"]
[SourceVersion "1"]
[SourceVersionDate "2023.12.13"]
[SourceQuality "1"]

1. c4 e5 2. Nc3 Nf6 3. Nf3 Nc6 4. e3 Bb4 5. Qc2 d6 6. Ne2 e4 7. Ng5 0-0 8. a3 d5 9. Nf4 h6 10. Nxd5 hxg5 11. Nxb4 Ne5 12. b3 a5 13. Bb2 axb4 14. Bxe5 bxa3 15. Bc3 Qd6 16. Be2 Re8 17. h3 g4 18. hxg4 Bxg4 19. Rh4 Bf5 20. b4 Nd7 1/2-1/2

[Event "Tsaghkadzor op"]
[Site "Tsaghkadzor"]
[Date "2023.09.22"]
[Round "4"]
[White "Gholami Orimi, Mahdi"]
[Black "Dragnev, Valentin"]
[Result "1/2-1/2"]
[WhiteElo "2429"]
[BlackElo "2585"]
[PlyCount "26"]
[EventDate "2023.09.20"]
[EventType "swiss"]
[EventRounds "9"]
[EventCountry "ARM"]
[SourceTitle "EXT 2024"]
[Source "ChessBase"]
[SourceDate "2023.10.10"]
[SourceVersion "1"]
[SourceVersionDate "2023.10.10"]
[SourceQuality "1"]

1. d4 Nf6 2. c4 e6 3. Nc3 d5 4. Bg5 Be7 5. e3 Nbd7 6. cxd5 Nxd5 7. Bxe7 Qxe7 8. Rc1 Nxc3 9. Rxc3 c6 10. Nf3 0-0 11. Bc4 e5 12. dxe5 Nxe5 13. Nxe5 Qxe5 1/2-1/2

[Event "Tsaghkadzor op"]
[Site "Tsaghkadzor"]
[Date "2023.09.22"]
[Round "3"]
[White "Petrosyan, Manuel"]
[Black "Gholami Orimi, Mahdi"]
[Result "1/2-1/2"]
[WhiteElo "2610"]
[BlackElo "2429"]
[PlyCount "73"]
[EventDate "2023.09.20"]
[EventType "swiss"]
[EventRounds "9"]
[EventCountry "ARM"]
[SourceTitle "EXT 2024"]
[Source "ChessBase"]
[SourceDate "2023.10.10"]
[SourceVersion "1"]
[SourceVersionDate "2023.10.10"]
[SourceQuality "1"]

1. Nf3 Nf6 2. g3 d5 3. Bg2 c5 4. 0-0 Nc6 5. d4 e6 6. c4 dxc4 7. Qa4 Bd7 8. Qxc4 b5 9. Qc3 b4 10. Qd3 Rc8 11. Bf4 cxd4 12. Nbd2 Nd5 13. Be5 Nb6 14. Rac1 Nxe5 15. Nxe5 Be7 16. Nb3 0-0 17. Rxc8 Qxc8 18. Rc1 Qb8 19. Nxd7 Nxd7 20. Nxd4 Bf6 21. e3 Qb6 22. b3 Rd8 23. Rc6 Ne5 24. Rxb6 Nxd3 25. Rb7 Bxd4 26. exd4 g6 27. Bf1 Nc1 28. Rxb4 Nxa2 29. Ra4 Nc1 30. Bc4 Rxd4 31. Rxa7 Nd3 32. Ra2 Nb4 33. Ra4 Nd5 34. Bxd5 Rxd5 35. Ra1 Kf8 36. Kf1 Rd2 37. Ra7 1/2-1/2

[Event "Titled Tuesday intern op 29th Aug Early"]
[Site "Chess.com INT"]
[Date "2023.08.29"]
[Round "4"]
[White "Roebers, Eline"]
[Black "Gholami Orimi, Mahdi"]
[Result "0-1"]
[WhiteElo "2407"]
[BlackElo "2413"]
[PlyCount "68"]
[EventDate "2023.08.29"]
[EventType "swiss (blitz)"]
[EventRounds "11"]
[EventCountry "USA"]
[SourceTitle "EXT 2024"]
[Source "ChessBase"]
[SourceDate "2023.10.10"]
[SourceVersion "1"]
[SourceVersionDate "2023.10.10"]
[SourceQuality "1"]

1. e4 c5 2. Nf3 d6 3. d4 cxd4 4. Nxd4 Nf6 5. Nc3 Nc6 6. Nd5 Nxd5 7. exd5 Qa5+ 8. Bd2 Qxd5 9. Nb5 Qe6+ 10. Be2 Qd7 11. c4 e6 12. 0-0 Be7 13. Bf4 e5 14. Be3 0-0 15. Qd2 b6 16. Rad1 Rd8 17. f4 Bb7 18. Bf3 Na5 19. b3 e4 20. Be2 d5 21. b4 a6 22. Bxb6 axb5 23. Bxd8 Qxd8 24. bxa5 bxc4 25. Rb1 Bc6 26. Rfd1 Qc7 27. Kh1 Rxa5 28. Rb2 h6 29. Rdb1 Bf6 30. Rb8+ Kh7 31. Bg4 c3 32. Qc2 Qxf4 33. Bh3 d4 34. Qb3 Be5 0-1

[Event "Abu Dhabi op 29th"]
[Site "Abu Dhabi"]
[Date "2023.08.24"]
[Round "9"]
[White "Gholami Orimi, Mahdi"]
[Black "Faizrakhmanov, Ramil"]
[Result "1/2-1/2"]
[WhiteElo "2413"]
[BlackElo "2461"]
[PlyCount "73"]
[EventDate "2023.08.16"]
[EventType "swiss"]
[EventRounds "9"]
[EventCountry "UAE"]
[SourceTitle "EXT 2024"]
[Source "ChessBase"]
[SourceDate "2023.10.10"]
[SourceVersion "1"]
[SourceVersionDate "2023.10.10"]
[SourceQuality "1"]

1. c4 Nf6 2. Nc3 e5 3. Nf3 Nc6 4. g3 Bb4 5. Nd5 Bc5 6. Bg2 d6 7. 0-0 h6 8. e3 0-0 9. d4 Bg4 10. h3 Bxf3 11. Qxf3 exd4 12. Nxf6+ Qxf6 13. Qxf6 gxf6 14. exd4 Nxd4 15. Bxh6 Rfe8 16. Rae1 c6 17. Bd2 Re5 18. Re3 Rxe3 19. Bxe3 Re8 20. Bxd4 Bxd4 21. Rd1 Bxb2 22. Rxd6 Re1+ 23. Kh2 Re2 24. Rd7 Rxf2 25. Rxb7 Bd4 26. Kh1 Rxa2 27. Bxc6 Ra3 28. Kg2 Be5 29. g4 Rg3+ 30. Kf1 Rxh3 31. Bd5 a5 32. Rxf7 Kh8 33. Ra7 Rg3 34. Be6 Ra3 35. c5 Rc3 36. Rxa5 Bd4 37. Ra7 1/2-1/2

[Event "Abu Dhabi op 29th"]
[Site "Abu Dhabi"]
[Date "2023.08.23"]
[Round "8"]
[White "Ohanyan, Emin"]
[Black "Gholami Orimi, Mahdi"]
[Result "1/2-1/2"]
[WhiteElo "2500"]
[BlackElo "2413"]
[PlyCount "111"]
[EventDate "2023.08.16"]
[EventType "swiss"]
[EventRounds "9"]
[EventCountry "UAE"]
[SourceTitle "EXT 2024"]
[Source "ChessBase"]
[SourceDate "2023.10.10"]
[SourceVersion "1"]
[SourceVersionDate "2023.10.10"]
[SourceQuality "1"]

1. d4 d5 2. c4 e6 3. Nf3 c6 4. e3 Nf6 5. Nbd2 Be7 6. Bd3 0-0 7. 0-0 c5 8. dxc5 Na6 9. a3 Nxc5 10. Be2 Bd7 11. b4 Na4 12. Qb3 dxc4 13. Nxc4 Ne4 14. Bb2 Nxb2 15. Qxb2 Ba4 16. Rac1 Rc8 17. Bd1 Bf6 18. Nd4 Bb5 19. Be2 Qd5 20. f3 Bxd4 21. exd4 Nf6 22. Ne3 Qd7 23. Bxb5 Qxb5 24. Rc5 Qd7 25. Rfc1 b6 26. Rxc8 Rxc8 27. Rxc8+ Qxc8 28. Kf2 h5 29. h4 Kf8 30. a4 a6 31. Ke2 Qc7 32. Kd3 b5 33. axb5 axb5 34. Qa1 Qc6 35. Qa7 Nd7 36. Qa1 Nf6 37. Qa7 Nd7 38. Qa2 Nf6 39. Qa7 Kg8 40. Qc5 Qa6 41. Ke2 Qa2+ 42. Kf1 Qd2 43. Qc8+ Kh7 44. Qc2+ Qxc2 45. Nxc2 Nd5 46. Na3 Nc7 47. Kf2 Kg6 48. g4 Kf6 49. gxh5 Kf5 50. Nc2 Kf4 51. Ne1 Nd5 52. Ng2+ Kf5 53. Ne3+ Kf4 54. Ng2+ Kf5 55. Ne3+ Kf4 56. Ng2+ 1/2-1/2

[Event "Abu Dhabi op 29th"]
[Site "Abu Dhabi"]
[Date "2023.08.22"]
[Round "7"]
[White "Gholami Orimi, Mahdi"]
[Black "Suleymenov, Alisher"]
[Result "1/2-1/2"]
[WhiteElo "2413"]
[BlackElo "2509"]
[PlyCount "60"]
[EventDate "2023.08.16"]
[EventType "swiss"]
[EventRounds "9"]
[EventCountry "UAE"]
[SourceTitle "EXT 2024"]
[Source "ChessBase"]
[SourceDate "2023.10.10"]
[SourceVersion "1"]
[SourceVersionDate "2023.10.10"]
[SourceQuality "1"]

1. d4 Nf6 2. c4 g6 3. Nc3 d5 4. cxd5 Nxd5 5. e4 Nxc3 6. bxc3 Bg7 7. Nf3 c5 8. Bb5+ Nc6 9. d5 Qa5 10. Rb1 Bxc3+ 11. Bd2 a6 12. Bxc6+ bxc6 13. dxc6 Be6 14. Rc1 Bxd2+ 15. Qxd2 Qb4 16. 0-0 Qxd2 17. Nxd2 0-0-0 18. Nb3 Bxb3 19. axb3 Kc7 20. Rxc5 Rd6 21. Ra1 Rb8 22. e5 Rd3 23. g3 Rb6 24. Rca5 Rxc6 25. Rxa6 Rxa6 26. Rxa6 Rxb3 27. Kg2 h5 28. Ra7+ Rb7 29. Ra6 Rb6 30. Ra7+ Rb7 1/2-1/2

[Event "Titled Tuesday intern op 08th Aug Early"]
[Site "Chess.com INT"]
[Date "2023.08.08"]
[Round "7"]
[White "Gholami Orimi, Mahdi"]
[Black "Lisenkov, Svyatoslav"]
[Result "1-0"]
[WhiteElo "2413"]
[BlackElo "2089"]
[PlyCount "97"]
[EventDate "2023.08.08"]
[EventType "swiss (blitz)"]
[EventRounds "11"]
[EventCountry "USA"]
[SourceTitle "EXT 2024"]
[Source "ChessBase"]
[SourceDate "2023.10.10"]
[SourceVersion "1"]
[SourceVersionDate "2023.10.10"]
[SourceQuality "1"]

1. d4 Nf6 2. c4 g6 3. g3 Bg7 4. Bg2 0-0 5. Nc3 d6 6. Nf3 Nc6 7. 0-0 e5 8. dxe5 dxe5 9. Bg5 h6 10. Qxd8 Rxd8 11. Bxf6 Bxf6 12. Nd5 Kg7 13. Nxc7 Rb8 14. e4 Be6 15. Nd5 Be7 16. Rfd1 Bc5 17. a3 a5 18. Rab1 Bg4 19. h3 Bxf3 20. Bxf3 Nd4 21. Rd3 a4 22. Bd1 b5 23. cxb5 Nxb5 24. Bxa4 Nxa3 25. Rc1 Rdc8 26. Rdc3 Bxf2+ 27. Kxf2 Rxb2+ 28. Kf3 Rxc3+ 29. Rxc3 Ra2 30. Nb4 Ra1 31. Bc6 Nb1 32. Rd3 Ra5 33. Bd5 Rc5 34. Nc6 Kf6 35. Nb8 Ke7 36. Nc6+ Kf6 37. h4 Nc3 38. Kg2 Nb5 39. Rf3+ Kg7 40. Rxf7+ Kh8 41. Ne7 Nd6 42. Nxg6+ Kg8 43. Rd7+ Nf7 44. Bxf7+ Kg7 45. h5 Rc2+ 46. Kh3 Rc1 47. Kg4 Rf1 48. Bd5+ Kf6 49. Rf7# 1-0